Statistics for Song Lyrics: Rammstein - Spring

Click here to take the quiz!

General Stats

  • This quiz has been taken 96 times
  • The average score is 168 of 229

Answer Stats

Text% Correct
Spring'
100%
Spring'!
100%
Spring',
100%
Spring'.
100%
Spring,
100%
ein
95%
Die
93%
die
93%
dich,
90%
dich.
90%
eine
90%
er
90%
ich
88%
Ich
88%
in
88%
Der
85%
der
85%
mich
85%
mich,
85%
Brücke.
83%
Brücke,
83%
Brücke
83%
für
83%
Mann
83%
an.
80%
an
80%
Auf
80%
auf.
80%
auf
80%
schrei'
80%
so
80%
Und
80%
und
80%
zu
80%
aus
78%
Da
78%
nach
78%
nach:
78%
von
78%
das
75%
einer
75%
Licht,
75%
mir
75%
sehen.
75%
Arme
73%
hoch,
73%
Menschen
73%
schreie.
73%
Wolke.
73%
Wolke
73%
ziemlich
73%
den
70%
erlöse
70%
Erlöse
70%
es
70%
nicht,
70%
nicht!
70%
nicht
70%
nur
70%
sich,
70%
sich
70%
sie
70%
Sie
70%
Sonne,
70%
will
70%
Enttäusch'
68%
ins
68%
vor
68%
Vor
68%
einen
65%
hassen,
65%
ihn
65%
kalt.
65%
lass'
65%
Nähe
65%
schreien,
65%
schreien:
65%
steht
65%
noch.
63%
noch
63%
seine
63%
steigen.
63%
unten
63%
wird
63%
wollen
63%
wollte
63%
Auch
60%
Aussicht
60%
entgehen,
60%
erste
60%
fangen
60%
fängt
60%
Heimlich
60%
heimlich
60%
Mob
60%
Reigen
60%
Reihe
60%
Bilden
58%
gehen.
58%
hält
58%
lassen,
58%
nun
58%
stell'
58%
toben.
58%
dichten
55%
ihm
55%
oben
55%
Rücken,
55%
weinen
55%
zur
55%
hinten
53%
Jetzt
53%
was
53%
Fragt
50%
getan.
50%
hab'
50%
mal
50%
schiebt
50%
steigt
50%
zögert
50%
gleich
48%
Innereien
48%
dieser
45%
Tret'
43%
Doch
40%
Schmach.
40%
zuhauf.
40%
Abendhimmel
38%
tausend
38%
schleich'
35%
Sonnen
35%
brennen
30%
Reihen.
30%
laufen
25%

Score Distribution

Percentile by Number Answered

Percent of People with Each Score

Your Score History

You have not taken this quiz